[Event "TCh-POL Ekstraliga 2025"]
[Site "Chotowa POL"]
[Date "2025.06.03"]
[Round "2.6"]
[White "Kulon, Klaudia"]
[Black "Siekanska, Maria"]
[Result "1-0"]
[WhiteTitle "IM"]
[BlackTitle "WFM"]
[WhiteElo "2407"]
[BlackElo "2137"]
[WhiteTeam "LKS Wrzos Miedzyborow"]
[BlackTeam "KSz Stilon Gorzow Wlkp."]
[WhiteFideId "1131044"]
[BlackFideId "21852650"]
[EventDate "2025.06.02"]

1. e4 e5 2. Nf3 Nc6 3. Nc3 Nf6 4. a3 d5 5. Bb5 d4 6. Ne2 Nxe4 7. d3 Nd6 8. Bxc6+
bxc6 9. Nxe5 c5 10. O-O Bb7 11. c3 Be7 12. Qa4+ Kf8 13. Nd7+ Kg8 14. Nxc5 dxc3
15. bxc3 Bc8 16. Rb1 h5 17. Nd4 Nf5 18. Nc6 Qd6 19. Qe4 Bf8 20. d4 Kh7 21. Ne5
Qf6 22. Qxa8 Bxc5 23. Rb8 Ne7 24. Nd7 1-0

[Event "TCh-POL Ekstraliga 2025"]
[Site "Chotowa POL"]
[Date "2025.06.03"]
[Round "2.1"]
[White "Navara, David"]
[Black "Maurizzi, Marc'Andria"]
[Result "1/2-1/2"]
[WhiteTitle "GM"]
[BlackTitle "GM"]
[WhiteElo "2657"]
[BlackElo "2607"]
[WhiteTeam "KSz HETMAN Katowice"]
[BlackTeam "SzSON ZAGLEBIE Dabrowa Gornicza"]
[WhiteFideId "309095"]
[BlackFideId "36083534"]
[EventDate "2025.06.02"]

1. e4 c6 2. d4 d5 3. e5 Bf5 4. Nd2 e6 5. Nb3 a6 6. Nf3 c5 7. Nxc5 Bxc5 8. dxc5
Qa5+ 9. c3 Qxc5 10. Nd4 Ne7 11. Qa4+ Nd7 12. Bg5 Rc8 13. Be2 Bg6 14. O-O h6 15.
Bxe7 Qxe7 16. f4 O-O 17. Rae1 Nc5 18. Qd1 b5 19. a3 Na4 20. Qd2 Nb6 21. f5 1/2-1/2

[Event "TCh-POL Ekstraliga 2025"]
[Site "Chotowa POL"]
[Date "2025.06.03"]
[Round "2.2"]
[White "Boyer, Mahel"]
[Black "Dardha, Daniel"]
[Result "1/2-1/2"]
[WhiteTitle "GM"]
[BlackTitle "GM"]
[WhiteElo "2523"]
[BlackElo "2646"]
[WhiteTeam "SzSON ZAGLEBIE Dabrowa Gornicza"]
[BlackTeam "KSz HETMAN Katowice"]
[WhiteFideId "45102422"]
[BlackFideId "240990"]
[EventDate "2025.06.02"]

1. e4 c5 2. Nf3 d6 3. c3 Nf6 4. Be2 Bd7 5. Qc2 Qc7 6. O-O g6 7. d4 cxd4 8. Nxd4
Bg7 9. c4 Nc6 10. Be3 Ng4 11. Bxg4 Bxg4 12. Qd2 Nxd4 13. Bxd4 e5 14. Be3 Qxc4
15. f3 Be6 16. Qxd6 Rd8 17. Qa3 a6 18. Nc3 Rd3 19. Bf2 Bf8 20. Qa5 Bb4 21. Qxe5
O-O 22. Rac1 f6 23. Nd5 fxe5 24. Rxc4 Bd6 25. Rcc1 1/2-1/2

[Event "TCh-POL Ekstraliga 2025"]
[Site "Chotowa POL"]
[Date "2025.06.03"]
[Round "2.3"]
[White "Piorun, Kacper"]
[Black "Cieslak, Patryk"]
[Result "1/2-1/2"]
[WhiteTitle "GM"]
[BlackTitle "FM"]
[WhiteElo "2579"]
[BlackElo "2442"]
[WhiteTeam "KSz HETMAN Katowice"]
[BlackTeam "SzSON ZAGLEBIE Dabrowa Gornicza"]
[WhiteFideId "1130420"]
[BlackFideId "21078882"]
[EventDate "2025.06.02"]

1. d4 Nf6 2. Nf3 d5 3. c4 e6 4. g3 dxc4 5. Bg2 Bb4+ 6. Bd2 a5 7. O-O O-O 8. Bg5
h6 9. Bxf6 Qxf6 10. Qc2 c6 11. Qxc4 Nd7 12. a3 Bd6 13. Nc3 e5 14. Ne4 Qe7 15.
Nh4 Nb6 16. Qb3 Be6 17. Qc3 exd4 18. Qxd4 Bc7 19. Nc5 Bc8 20. Rac1 Rd8 21. Qc3
Bd6 22. Ne4 Be5 23. Qb3 Qc7 24. Nf3 Be6 25. Qc2 Bd5 26. Nxe5 Qxe5 27. Nc5 Bxg2
28. Kxg2 Qc7 29. Rfd1 Nd7 30. Na4 Nf8 31. Nc5 Nd7 32. Nxd7 Rxd7 33. Rxd7 Qxd7
34. Rd1 Qe7 35. Qd3 Re8 36. e3 Qe5 37. Qd7 Qe4+ 38. Kg1 Qe7 39. Rd4 g6 40. h4 h5
41. Kf1 Kf8 42. Ke2 Rb8 43. e4 Re8 44. Kd3 Qe5 45. Qxb7 Rb8 46. Qxc6 Rb3+ 47.
Kc2 Rxb2+ 48. Kxb2 Qxd4+ 49. Qc3 Qxe4 50. Qxa5 Qe2+ 51. Kb3 Qd1+ 52. Kc4 Qe2+
53. Kd5 Qf3+ 54. Kd6 Qxf2 55. Qc3 Qb6+ 56. Kd5 Qb7+ 57. Kd4 Kg8 58. Ke3 Qg2 59.
Kf4 Qf2+ 60. Ke5 Qe2+ 61. Kd4 Qa6 62. Qd3 Qd6+ 63. Kc4 Qa6+ 64. Kd4 Qd6+ 1/2-1/2

[Event "TCh-POL Ekstraliga 2025"]
[Site "Chotowa POL"]
[Date "2025.06.03"]
[Round "2.4"]
[White "Olsen, Filip Boe"]
[Black "Klimkowski, Jan"]
[Result "1-0"]
[WhiteTitle "IM"]
[BlackTitle "GM"]
[WhiteElo "2449"]
[BlackElo "2508"]
[WhiteTeam "SzSON ZAGLEBIE Dabrowa Gornicza"]
[BlackTeam "KSz HETMAN Katowice"]
[WhiteFideId "1440640"]
[BlackFideId "21856222"]
[EventDate "2025.06.02"]

1. Nf3 Nf6 2. c4 e6 3. g3 d5 4. Bg2 d4 5. O-O c5 6. e3 Nc6 7. d3 Bd6 8. exd4
cxd4 9. Bg5 h6 10. Bxf6 Qxf6 11. Nbd2 Qe7 12. Re1 O-O 13. a3 a5 14. Nb3 Qf6 15.
c5 Bc7 16. Nbd2 Rd8 17. Rb1 a4 18. Rc1 e5 19. Rc4 Qe7 20. Ne4 Be6 21. Rxa4 Rxa4
22. Qxa4 f5 23. Nd6 Bxd6 24. cxd6 Qxd6 25. Qb5 e4 26. dxe4 fxe4 27. Rxe4 d3 28.
Nd2 Bf7 29. Re1 Qc7 30. Be4 Nd4 31. Qxb7 Ne2+ 32. Kg2 Qxb7 33. Bxb7 Rb8 34. Be4
Rxb2 35. Rb1 Rxb1 36. Nxb1 Nc1 37. Kf3 Bb3 38. Ke3 Bc2 39. Nc3 Kf8 40. Bd5 Ke7
41. Kd2 Nb3+ 42. Bxb3 Bxb3 43. Kxd3 Kd6 44. Ke4 1-0

[Event "TCh-POL Ekstraliga 2025"]
[Site "Chotowa POL"]
[Date "2025.06.03"]
[Round "2.6"]
[White "Kubicka, Anna"]
[Black "Socko, Monika"]
[Result "1/2-1/2"]
[WhiteTitle "WIM"]
[BlackTitle "GM"]
[WhiteElo "2227"]
[BlackElo "2369"]
[WhiteTeam "SzSON ZAGLEBIE Dabrowa Gornicza"]
[BlackTeam "KSz HETMAN Katowice"]
[WhiteFideId "1152254"]
[BlackFideId "1106619"]
[EventDate "2025.06.02"]

1. Nf3 Nf6 2. g3 b6 3. Bg2 Bb7 4. O-O c5 5. c4 e6 6. Nc3 Be7 7. d4 cxd4 8. Qxd4
Nc6 9. Qf4 O-O 10. Rd1 Qc8 11. b3 Nb4 12. Bb2 Na6 13. Nb5 Ne8 14. e4 d6 15. e5
dxe5 16. Nxe5 Bxg2 17. Kxg2 f6 18. Nf3 e5 19. Qe4 Nc5 20. Qd5+ Kh8 21. Nc3 Nc7
22. Qc6 N7e6 23. Qxc8 Rfxc8 24. Nd5 Bf8 25. Ne1 Kg8 26. Nd3 Kf7 27. Nxc5 Bxc5
28. Rd2 Rd8 29. Rad1 Rac8 30. Bc3 g5 31. h3 h5 32. Bb4 Bxb4 33. Nxb4 Rxd2 34.
Rxd2 Nd4 35. Nc2 Nxc2 36. Rxc2 Ke6 37. Rd2 g4 38. hxg4 hxg4 39. Kf1 f5 40. Ke2
f4 41. gxf4 exf4 42. Rd4 Rf8 43. Re4+ Kf5 44. Re7 a5 45. a3 Rh8 46. Rf7+ Ke4 47.
Re7+ Kd4 48. Rg7 Rh3 49. Rxg4 Ke4 50. b4 Rxa3 51. bxa5 Ra2+ 52. Ke1 bxa5 53. Rg5
Kd3 54. Kf1 f3 55. Kg1 Ra1+ 56. Kh2 Ke2 57. c5 Kxf2 58. c6 Ra4 59. Kh3 Rc4 60.
Rxa5 Rc3 61. c7 Rxc7 62. Ra2+ Ke3 63. Ra3+ Ke4 64. Ra4+ Ke3 65. Ra3+ Kf4 66.
Ra4+ Ke3 1/2-1/2

[Event "TCh-POL Ekstraliga 2025"]
[Site "Chotowa POL"]
[Date "2025.06.03"]
[Round "2.1"]
[White "Bluebaum, Matthias"]
[Black "Volokitin, Andrei"]
[Result "0-1"]
[WhiteTitle "GM"]
[BlackTitle "GM"]
[WhiteElo "2663"]
[BlackElo "2626"]
[WhiteTeam "KSz Silesia Raciborz"]
[BlackTeam "WIEZA PEGOW"]
[WhiteFideId "24651516"]
[BlackFideId "14107090"]
[EventDate "2025.06.02"]

1. d4 Nf6 2. c4 e6 3. Nc3 Bb4 4. e3 O-O 5. Bd3 d5 6. a3 Bxc3+ 7. bxc3 dxc4 8.
Bxc4 c5 9. Ne2 Nc6 10. O-O e5 11. Bb2 Na5 12. Ba2 Be6 13. Bxe6 fxe6 14. a4 Rc8
15. Ba3 b6 16. Qb1 Nc4 17. Qa2 Qd5 18. Ng3 exd4 19. exd4 Nxa3 20. Qxd5 Nxd5 21.
Rxa3 cxd4 22. cxd4 Rc4 23. Ne2 Nf4 24. Nxf4 Rxf4 25. a5 b5 26. Re3 Ra4 27. Rxe6
Rxa5 28. d5 b4 29. g3 Rf6 30. Re8+ Kf7 31. Rb8 Rb6 32. Rxb6 axb6 33. Rb1 Rb5 34.
Kg2 Ke7 35. Kf3 b3 36. Ke4 Kd6 37. Kd4 b2 38. f4 Rxd5+ 39. Kc3 Rc5+ 40. Kd3 Rb5
41. Kc4 Kc6 42. g4 Ra5 43. Kb4 Rc5 44. f5 Rc2 45. h3 Rh2 46. Kb3 Rxh3+ 47. Kxb2
Rg3 48. f6 Rxg4 49. Rf1 gxf6 50. Rxf6+ Kc5 51. Rh6 Rg7 52. Kc3 Rb7 53. Rh5+ Kd6
54. Kb4 b5 55. Rh6+ Ke5 56. Rh1 Kf5 57. Rf1+ Kg5 58. Rg1+ Kf6 59. Rf1+ Kg7 60.
Rg1+ Kh8 61. Rh1 Rb8 62. Rd1 Kg7 63. Rg1+ Kf6 64. Rh1 Kg6 65. Rg1+ Kf5 66. Rf1+
Kg4 67. Rg1+ Kf4 68. Rf1+ Kg3 69. Rg1+ Kf4 70. Rf1+ Kg4 71. Rg1+ Kf3 72. Rf1+
Kg2 73. Rf6 Rb7 74. Rh6 Kg3 75. Rh1 Rf7 76. Rh6 Kg4 77. Kxb5 Kg5 78. Rh1 h5 79.
Rg1+ Kh6 80. Kc4 Rd7 81. Rh1 Kg5 82. Rg1+ Kf4 83. Rh1 Kg4 84. Rg1+ Kf3 85. Rh1
Rh7 86. Kd3 h4 87. Rf1+ Kg2 88. Rf8 h3 89. Rg8+ Kf2 90. Rf8+ Kg3 91. Rg8+ Kh4
92. Rg1 h2 93. Rh1 Kg3 94. Kd4 0-1

[Event "TCh-POL Ekstraliga 2025"]
[Site "Chotowa POL"]
[Date "2025.06.03"]
[Round "2.2"]
[White "Lagarde, Maxime"]
[Black "Kozak, Adam"]
[Result "0-1"]
[WhiteTitle "GM"]
[BlackTitle "GM"]
[WhiteElo "2621"]
[BlackElo "2587"]
[WhiteTeam "WIEZA PEGOW"]
[BlackTeam "KSz Silesia Raciborz"]
[WhiteFideId "662399"]
[BlackFideId "753246"]
[EventDate "2025.06.02"]

1. Nf3 Nf6 2. g3 d5 3. Bg2 e6 4. O-O c5 5. d3 Nc6 6. Nbd2 g6 7. e4 Bg7 8. c3
dxe4 9. dxe4 O-O 10. Qe2 e5 11. Nc4 Qc7 12. Bg5 Be6 13. Nfd2 Nd7 14. f4 f6 15.
f5 Bf7 16. Be3 b5 17. Na3 a6 18. Nc2 Rad8 19. Bf2 c4 20. fxg6 hxg6 21. Nf3 Ne7
22. Qe3 Be6 23. a4 Ra8 24. axb5 axb5 25. Nb4 Kh7 26. Rad1 Bh6 27. Qe2 Nc5 28.
Be3 Bxe3+ 29. Qxe3 Rad8 30. Ra1 Na4 31. Rf2 Nc6 32. Nd5 Bxd5 33. exd5 Ne7 34.
Nh4 Qd6 35. Rd2 Ra8 36. Rad1 Nc5 37. Be4 f5 38. Bc2 e4 39. Rd4 Rae8 40. Ng2 f4
41. Nxf4 Nf5 42. Qe2 Nd3 43. Rxe4 Qb6+ 44. Kg2 Nh4+ 0-1

[Event "TCh-POL Ekstraliga 2025"]
[Site "Chotowa POL"]
[Date "2025.06.03"]
[Round "2.3"]
[White "Baum, Jonasz"]
[Black "Onyshchuk, Volodymyr"]
[Result "0-1"]
[WhiteTitle "IM"]
[BlackTitle "GM"]
[WhiteElo "2479"]
[BlackElo "2602"]
[WhiteTeam "KSz Silesia Raciborz"]
[BlackTeam "WIEZA PEGOW"]
[WhiteFideId "1195360"]
[BlackFideId "14114038"]
[EventDate "2025.06.02"]

1. d4 Nf6 2. c4 g6 3. Nc3 Bg7 4. e4 d6 5. f3 O-O 6. Nge2 e5 7. d5 c6 8. Be3 Na6
9. Qd2 cxd5 10. cxd5 Nh5 11. g4 Nf4 12. Nxf4 exf4 13. Bxf4 Nc5 14. h4 Qb6 15.
Be3 Bd7 16. h5 Rac8 17. Rd1 Be5 18. Qf2 Qb4 19. Rd4 Bxd4 20. Bxd4 Na4 21. Qd2 f6
22. hxg6 hxg6 23. g5 Qxb2 24. Qxb2 Nxb2 25. gxf6 Nc4 26. f4 Ne3 27. Kd2 Nxf1+
28. Rxf1 Rc4 29. Kd3 Rfc8 30. Rg1 Kf7 31. Rh1 Kg8 32. Rh6 b5 33. Rxg6+ Kf8 34.
Rh6 b4 35. Rh8+ Kf7 36. Rh7+ Kg8 37. Rg7+ Kf8 38. Rxd7 bxc3 39. Be3 c2 40. Bc1
Rc3+ 41. Kd2 Rf3 42. Rxd6 Rxf4 43. Ba3 Kf7 44. e5 Rd4+ 45. Ke3 Rh4 46. e6+ Kxf6
47. e7+ Kf7 48. Rd8 Rh8 49. Rxh8 Rxh8 50. Kd2 Rh3 51. Bb4 Rh4 52. Bd6 Rc4 53.
Kc1 Ke8 54. Ba3 Ra4 55. Bb2 Kxe7 56. Kxc2 Rxa2 57. Kb3 Ra5 58. Ba3+ Kd7 59. d6
Kc6 60. Bb4 Rh5 61. Ka4 Kb6 62. Be1 Rd5 63. Bb4 Rd4 64. Kb3 Kb5 65. Ba3 Rd3+ 66.
Kc2 Kc4 67. Bc5 a6 68. Bb4 Rd5 69. Ba3 a5 70. Kb2 Rd2+ 71. Kc1 Kc3 72. Bc5 Rd5
73. Bb6 a4 74. Bc7 a3 0-1

[Event "TCh-POL Ekstraliga 2025"]
[Site "Chotowa POL"]
[Date "2025.06.03"]
[Round "2.4"]
[White "Moranda, Wojciech"]
[Black "Szpar, Milosz"]
[Result "1/2-1/2"]
[WhiteTitle "GM"]
[BlackTitle "IM"]
[WhiteElo "2541"]
[BlackElo "2495"]
[WhiteTeam "WIEZA PEGOW"]
[BlackTeam "KSz Silesia Raciborz"]
[WhiteFideId "1122401"]
[BlackFideId "1184989"]
[EventDate "2025.06.02"]

1. d4 d5 2. c4 e6 3. Nf3 Nf6 4. Nc3 Be7 5. Bf4 O-O 6. e3 Nbd7 7. h4 c5 8. Rc1
cxd4 9. exd4 dxc4 10. Bxc4 Nb6 11. Bd3 Bd7 12. Ne5 Rc8 13. Bg5 Nbd5 14. Rh3 Qa5
15. Kf1 Rc7 16. Rg3 Kh8 17. Kg1 Be8 18. h5 Ng8 19. Nxd5 exd5 20. Bxe7 Rxe7 21.
Bb1 Nf6 22. h6 g6 23. Rc8 Kg8 24. Rgc3 Qb6 25. Rb3 Qd6 26. Qf3 Nd7 1/2-1/2

[Event "TCh-POL Ekstraliga 2025"]
[Site "Chotowa POL"]
[Date "2025.06.03"]
[Round "2.5"]
[White "Berkes, Ferenc"]
[Black "Kosakowski, Jakub"]
[Result "1/2-1/2"]
[WhiteTitle "GM"]
[BlackTitle "GM"]
[WhiteElo "2613"]
[BlackElo "2548"]
[WhiteTeam "KSz Silesia Raciborz"]
[BlackTeam "WIEZA PEGOW"]
[WhiteFideId "718572"]
[BlackFideId "1185080"]
[EventDate "2025.06.02"]

1. d4 Nf6 2. c4 e6 3. Nc3 Bb4 4. e3 O-O 5. Ne2 Re8 6. Ng3 d5 7. Be2 c5 8. O-O
cxd4 9. exd4 dxc4 10. Bxc4 Nc6 11. Be3 b6 12. Nce4 Nxe4 13. Nxe4 Bb7 14. Qh5 Be7
15. Rad1 Nb4 16. Ng5 Bxg5 17. Bxg5 Qd7 18. Qg4 Kh8 19. a3 Rac8 20. Be2 Nd5 21.
Bd3 h6 22. Qh4 Kg8 23. Be3 Ne7 24. Qg3 1/2-1/2

[Event "TCh-POL Ekstraliga 2025"]
[Site "Chotowa POL"]
[Date "2025.06.03"]
[Round "2.6"]
[White "Maltsevskaya, Aleksandra"]
[Black "Narva, Mai"]
[Result "1/2-1/2"]
[WhiteTitle "IM"]
[BlackTitle "IM"]
[WhiteElo "2403"]
[BlackElo "2391"]
[WhiteTeam "WIEZA PEGOW"]
[BlackTeam "KSz Silesia Raciborz"]
[WhiteFideId "24174041"]
[BlackFideId "4500512"]
[EventDate "2025.06.02"]

1. e4 c5 2. Nf3 e6 3. b3 Nc6 4. Bb2 a6 5. c4 Nge7 6. e5 Ng6 7. g3 Be7 8. Bg2 O-O
9. O-O d6 10. exd6 Qxd6 11. Nc3 Rd8 12. Re1 Qc7 13. d3 f5 14. h4 Bf6 15. Qe2 Nd4
16. Nxd4 Bxd4 17. h5 Nf8 18. Na4 Rb8 19. Bxd4 Rxd4 20. Qe5 Qxe5 21. Rxe5 b6 22.
Rd1 Kf7 23. Nc3 Nd7 24. Ree1 Bb7 25. Bxb7 Rxb7 26. Ne2 Rd6 27. d4 cxd4 28. Nxd4
Nf6 29. Nf3 Rxd1 30. Rxd1 Ke7 31. h6 gxh6 32. Ne5 Rc7 33. Kg2 h5 34. Re1 Rc8 35.
f3 b5 36. Kf2 bxc4 37. Nxc4 Rd8 38. Re2 Nd5 39. Ne3 Nc3 40. Rc2 Rd3 41. Nc4 Nd5
42. Ke2 Rc3 43. Rd2 f4 44. Kf2 fxg3+ 45. Kxg3 h4+ 46. Kg4 Nf6+ 47. Kf4 Nh5+ 48.
Kg4 Ng3 49. Kxh4 Rxf3 50. Kg4 Rc3 51. Rh2 h5+ 52. Kf4 Kf6 53. Ne5 Nf5 54. Rxh5
Rc2 55. Ng4+ Ke7 56. a4 Rc3 57. Rh7+ Kd6 58. Ra7 Rxb3 59. Rxa6+ Kc5 60. Rxe6 Nd6
61. Re5+ Kc6 62. a5 Rb5 63. Rxb5 Kxb5 64. Ke5 Nc4+ 65. Kd5 Nxa5 66. Ke4 1/2-1/2

[Event "TCh-POL Ekstraliga 2025"]
[Site "Chotowa POL"]
[Date "2025.06.03"]
[Round "2.1"]
[White "Pultinevicius, Paulius"]
[Black "Heberla, Bartlomiej"]
[Result "0-1"]
[WhiteTitle "GM"]
[BlackTitle "GM"]
[WhiteElo "2561"]
[BlackElo "2509"]
[WhiteTeam "KSz Hetman Plock"]
[BlackTeam "KS LAURA Chylice"]
[WhiteFideId "12809390"]
[BlackFideId "1115120"]
[EventDate "2025.06.02"]

1. d4 d5 2. c4 e6 3. Nc3 h6 4. Nf3 Nf6 5. g3 Be7 6. Bg2 O-O 7. O-O dxc4 8. Ne5
Nc6 9. Bxc6 bxc6 10. Nxc6 Qe8 11. Nxe7+ Qxe7 12. Qa4 a5 13. Qxc4 Ba6 14. Qc6 Nd5
15. Re1 Qb4 16. Be3 Qxb2 17. Nxd5 exd5 18. Qxd5 Bxe2 19. Rab1 Qc2 20. Rbc1 Qd3
21. Rxc7 Rac8 22. Rxc8 Rxc8 23. h3 Qa6 24. a3 Bc4 25. Qe5 Rd8 26. Kh2 Qa8 27.
Rc1 Bd5 28. g4 Re8 29. Qd6 Rd8 30. Qg3 Rc8 31. Rg1 Rc6 32. Rb1 Rc8 33. Rb5 Bc4
34. Re5 f6 35. Rh5 Qe4 36. Rf5 Bd5 37. Qg1 Rc2 38. Kg3 h5 39. f3 0-1

[Event "TCh-POL Ekstraliga 2025"]
[Site "Chotowa POL"]
[Date "2025.06.03"]
[Round "2.2"]
[White "Noe, Christopher"]
[Black "Jarmula, Lukasz"]
[Result "1-0"]
[WhiteTitle "IM"]
[BlackTitle "GM"]
[WhiteElo "2502"]
[BlackElo "2440"]
[WhiteTeam "KS LAURA Chylice"]
[BlackTeam "KSz Hetman Plock"]
[WhiteFideId "24692018"]
[BlackFideId "1160664"]
[EventDate "2025.06.02"]

1. Nf3 Nf6 2. c4 g6 3. Nc3 Bg7 4. d4 O-O 5. Bg5 c5 6. d5 d6 7. e4 e6 8. Be2 exd5
9. cxd5 h6 10. Be3 Ng4 11. Bd2 Re8 12. O-O Nf6 13. Qc2 Na6 14. Rae1 Bg4 15. h3
Bxf3 16. Bxf3 Nb4 17. Qb1 c4 18. Be2 Rc8 19. Be3 Qa5 20. a3 Na6 21. Bf4 Qb6 22.
Be3 Qd8 23. Rc1 Qe7 24. Nb5 Nc5 25. Nxa7 Ra8 26. Nb5 Ncxe4 27. Bxc4 Rac8 28.
Rfe1 Qe5 29. b3 Nxd5 30. Bxd5 Qxd5 31. Nc7 Rxc7 32. Rxc7 Nc3 33. Qc2 Qa5 34.
Rxb7 d5 35. Bd2 Rxe1+ 36. Bxe1 d4 37. Qd3 Qe5 38. Bd2 Ne4 39. Rb5 Qe6 40. a4 Kh7
41. Kf1 Nxd2+ 42. Qxd2 Qe4 43. Rc5 Qb1+ 44. Rc1 Qxb3 45. Qc2 Qa3 46. Qc4 h5 47.
Rb1 h4 48. Kg1 f5 49. Rb7 Kh6 50. Rxg7 Kxg7 51. Qxd4+ Kf7 52. Qc4+ Kg7 53. Qxh4
Qa1+ 54. Kh2 Qe5+ 55. g3 Qd5 56. Qe7+ Kh6 57. h4 Qa2 58. Qe3+ Kh7 59. Qa7+ Kh6
60. Qd4 Kh7 61. Kg2 Qc2 62. a5 Qa2 63. Qa7+ Kh6 64. Qa8 Kh5 65. a6 g5 66. a7
gxh4 67. Qf3+ Kg5 68. a8=Q 1-0

[Event "TCh-POL Ekstraliga 2025"]
[Site "Chotowa POL"]
[Date "2025.06.03"]
[Round "2.3"]
[White "Kazakouski, Valery"]
[Black "Kowalski, Igor"]
[Result "1-0"]
[WhiteTitle "GM"]
[BlackTitle "IM"]
[WhiteElo "2585"]
[BlackElo "2406"]
[WhiteTeam "KSz Hetman Plock"]
[BlackTeam "KS LAURA Chylice"]
[WhiteFideId "13507443"]
[BlackFideId "1172468"]
[EventDate "2025.06.02"]

1. d4 d5 2. c4 c6 3. Nf3 Nf6 4. e3 Bf5 5. Nc3 e6 6. Nh4 Be4 7. f3 Bg6 8. Bd2 Be7
9. Nxg6 hxg6 10. Qc2 Nbd7 11. O-O-O dxc4 12. Bxc4 b5 13. Be2 a6 14. Kb1 c5 15.
d5 exd5 16. Bc1 Nb6 17. g4 b4 18. Na4 Nfd7 19. h4 Qc7 20. Nxb6 Nxb6 21. e4 c4
22. exd5 O-O-O 23. Rd4 Bc5 24. Bf4 Bd6 25. Bxd6 Qxd6 26. Bxc4 Kb7 27. Qd3 Nd7
28. Bb3 Rc8 29. Ba4 Nb6 30. Bc6+ Ka7 31. Qd2 Rhd8 32. Rc1 Rb8 33. Rxb4 Nxd5 34.
Rxb8 Kxb8 35. Qa5 Qb4 36. Qxd8+ 1-0

[Event "TCh-POL Ekstraliga 2025"]
[Site "Chotowa POL"]
[Date "2025.06.03"]
[Round "2.4"]
[White "Kokoszczynski, Jan"]
[Black "Nguyen, Piotr"]
[Result "1/2-1/2"]
[WhiteTitle "FM"]
[BlackTitle "IM"]
[WhiteElo "2307"]
[BlackElo "2394"]
[WhiteTeam "KS LAURA Chylice"]
[BlackTeam "KSz Hetman Plock"]
[WhiteFideId "1174460"]
[BlackFideId "1127993"]
[EventDate "2025.06.02"]

1. e4 g6 2. d4 d6 3. Nf3 Nf6 4. Bd3 Bg7 5. O-O O-O 6. Re1 Nc6 7. c3 e5 8. h3 a5
9. Nbd2 exd4 10. Nxd4 Re8 11. N2f3 Bd7 12. Bf4 Ne5 13. Bf1 Re7 14. Bh2 Qe8 15.
Nxe5 dxe5 16. Nf3 Rd8 17. Qc2 Bc6 18. a4 b6 19. Bc4 Nh5 20. b3 Red7 21. Re2 Qe7
22. Rae1 Kh8 23. Qc1 Qc5 24. g4 Nf4 25. Bxf4 exf4 26. Qxf4 Bxa4 27. Ng5 Rf8 28.
e5 Bc6 29. Nxf7+ Rdxf7 30. Bxf7 Qxc3 31. Re3 Qd2 32. Qc4 Be8 33. e6 Bd4 34. R3e2
Qf4 35. Qd3 Bxf7 36. exf7 Rxf7 37. Kg2 Kg7 38. Rf1 Bc5 39. Qe4 Qf6 40. Qe5 Bd6
41. Qxf6+ Rxf6 42. Re4 h5 43. f4 hxg4 44. hxg4 Rf8 45. Kf3 Rh8 46. Kg2 Rf8 47.
Rd4 Kf6 48. Rh1 Bc5 49. Rd3 Ra8 50. Kf3 Bd6 51. Rd4 Kg7 52. Re4 b5 53. Ra1 Kf7
54. Kf2 Bc5+ 55. Ke2 Bd6 56. Kf3 Rh8 57. Kg2 Ra8 58. Kf2 Ra6 59. Ke2 Ra8 60. Kd3
Ra6 61. Rd4 Ke6 62. Ke4 Ra8 63. Rd5 c6 64. Rd4 Bf8 65. Rc1 c5 66. Rd5 a4 67.
Re5+ Kf7 68. bxa4 Rxa4+ 69. Kf3 Bd6 70. Rcxc5 Bxc5 71. Rxc5 Rb4 72. Rc7+ Ke6 73.
Rc6+ Kf7 74. Rb6 Rb1 75. Kg3 Rb4 76. g5 Rb1 77. Rb7+ Kf8 78. Kf3 Rb4 79. Ke3 Kg8
80. Rb6 Kg7 81. Rd6 Kf7 82. Rd7+ Kf8 83. Rb7 1/2-1/2

[Event "TCh-POL Ekstraliga 2025"]
[Site "Chotowa POL"]
[Date "2025.06.03"]
[Round "2.5"]
[White "Hnydiuk, Aleksander"]
[Black "Chylewski, Patryk"]
[Result "1/2-1/2"]
[WhiteTitle "IM"]
[BlackTitle "IM"]
[WhiteElo "2330"]
[BlackElo "2313"]
[WhiteTeam "KSz Hetman Plock"]
[BlackTeam "KS LAURA Chylice"]
[WhiteFideId "1109057"]
[BlackFideId "1186191"]
[EventDate "2025.06.02"]

1. Nf3 Nf6 2. c4 c5 3. g3 d5 4. d4 dxc4 5. Qa4+ Qd7 6. Qxc4 cxd4 7. Qxd4 Nc6 8.
Qxd7+ Bxd7 9. Bg2 e5 10. O-O h6 11. Nc3 Bb4 12. Rd1 Bxc3 13. bxc3 O-O-O 14. Bb2
Rhe8 15. c4 Bf5 16. Rxd8+ Kxd8 17. Nh4 Bg4 18. h3 Bc8 19. Bxc6 bxc6 20. Rd1+ Kc7
21. Nf3 Nd7 22. Ba3 Ba6 23. Bd6+ Kc8 24. Nd2 Re6 25. Ba3 Nb6 26. Ne4 Bxc4 27.
Nd6+ Kc7 28. Nxf7 Bxe2 29. Rd2 Nc4 30. Rxe2 Nxa3 31. f4 e4 32. Ne5 Rd6 33. Rxe4
Nb5 34. Nc4 Rd7 35. Re6 Nd4 1/2-1/2

[Event "TCh-POL Ekstraliga 2025"]
[Site "Chotowa POL"]
[Date "2025.06.03"]
[Round "2.6"]
[White "Barchuk, Irina"]
[Black "Rakhmangulova, Anastasiya"]
[Result "0-1"]
[WhiteTitle "WFM"]
[BlackTitle "WGM"]
[WhiteElo "2076"]
[BlackElo "2281"]
[WhiteTeam "KS LAURA Chylice"]
[BlackTeam "KSz Hetman Plock"]
[WhiteFideId "14119005"]
[BlackFideId "14117479"]
[EventDate "2025.06.02"]

1. e4 c5 2. c3 d5 3. exd5 Nf6 4. Bb5+ Bd7 5. Bxd7+ Qxd7 6. c4 e6 7. Qe2 Bd6 8.
Nc3 O-O 9. dxe6 fxe6 10. Nf3 Nc6 11. d3 Nd4 12. Nxd4 cxd4 13. Nb1 e5 14. Nd2 e4
15. dxe4 Rae8 16. f3 Bf4 17. Qd3 Bxd2+ 18. Bxd2 Nxe4 19. O-O Nxd2 20. Qxd2 d3
21. Rad1 Qd4+ 22. Qf2 Qxc4 23. Qxa7 Re2 24. Qxb7 Qd4+ 25. Kh1 Rxb2 26. Qa6 Rd8
27. Qe6+ Kh8 28. h3 Re2 29. Qg4 Qe3 30. f4 d2 31. f5 Rd4 32. Qh5 Qe4 33. Qg5 h6
34. Qg3 Rd3 35. Qg4 Qxg4 36. hxg4 Rg3 37. Kh2 Rexg2+ 38. Kh1 Re2 39. Ra1 Rge3
40. a4 Re1 41. f6 Rxf1+ 0-1

[Event "TCh-POL Ekstraliga 2025"]
[Site "Chotowa POL"]
[Date "2025.06.04"]
[Round "3.1"]
[White "Harikrishna, Pentala"]
[Black "Navara, David"]
[Result "1/2-1/2"]
[WhiteTitle "GM"]
[BlackTitle "GM"]
[WhiteElo "2707"]
[BlackElo "2657"]
[WhiteTeam "KSz Polonia Wroclaw"]
[BlackTeam "KSz HETMAN Katowice"]
[WhiteFideId "5007003"]
[BlackFideId "309095"]
[EventDate "2025.06.02"]

1. d4 Nf6 2. c4 g6 3. Nc3 d5 4. cxd5 Nxd5 5. e4 Nxc3 6. bxc3 Bg7 7. Nf3 c5 8.
Rb1 O-O 9. Be2 cxd4 10. cxd4 Qa5+ 11. Qd2 Qxd2+ 12. Bxd2 b6 13. O-O Bb7 14. Bd3
e6 15. Bf4 Rd8 16. Bg5 Rc8 17. Rfe1 Nd7 18. Rb3 h6 19. Be7 Bf8 20. Bxf8 Kxf8 21.
a4 Rc7 22. a5 bxa5 23. Ra3 a4 24. Rxa4 Rc3 25. Ba6 Bxa6 26. Rxa6 Kg7 27. h3 Rc7
28. Re2 Nf6 29. Ne5 Rd8 30. Ra4 Nd7 31. Nf3 Nf6 32. Ne5 Nd7 33. Nf3 Nf6 1/2-1/2